| 000 | 00627nam a2200241Ia 4500 | ||
|---|---|---|---|
| 008 | 170203s9999 xx 000 0 und d | ||
| 020 | _a0 785346252 | ||
| 050 | _a0 30 | ||
| 050 | _bF979 2003 | ||
| 245 | _aFun with numbers : | ||
| 245 | _bwith interactive CD-ROM / | ||
| 260 | _aLincolnwood, Ill. : | ||
| 260 | _bPublications International | ||
| 260 | _c2002 | ||
| 300 | _a1 volume (unpaged) : | ||
| 300 | _bcolor illustrations ; | ||
| 300 | _c31 cm. | ||
| 300 | _e1 computer optical disc. | ||
| 440 | _aActive minds. | ||
| 650 | _aNumerals -- | ||
| 650 | _aNumerals. | ||
| 650 | _xJuvenile literature. | ||
| 999 |
_c305602 _d305602 |
||